| 000 | 00964nam a22002417a 4500 | ||
|---|---|---|---|
| 003 | BD-DhSAU | ||
| 005 | 20211003100517.0 | ||
| 008 | 210929b |||||||| |||| 00| 0 eng d | ||
| 040 | _aBD-DhSAU | ||
| 082 |
_222 _a338.1 _bM3148 |
||
| 100 |
_aMANJIRA, SHIRAJUM _eRegistration No.:# 12-05165 |
||
| 245 |
_aComparative profitability and value chain
analysis of cut flower cultivation in
jashore and dhaka district of bangladesh /
_bMs Thesis |
||
| 260 |
_aSher-e-bangla Agricultural University Dhaka 1207; _bDepartment of Agricultural Economics; _c2018; |
||
| 300 |
_ax; _b75p.; _c30cm.; |
||
| 500 | _aIncluding Index.; | ||
| 590 | _anazmul | ||
| 600 | _qcut flower cultivation | ||
| 610 | _ajashore and dhaka district of bangladesh | ||
| 700 |
_aDr. FAUZIA YASMIN _eSupervisor |
||
| 710 |
_aDr. ROKEYA BEGUM _eCo-Supervisor |
||
| 856 |
_yOnline Access _uhttp://archive.saulibrary.edu.bd:8080/xmlui/handle/123456789/3428 |
||
| 942 |
_2ddc _cTHESIS |
||
| 999 |
_c15460 _d15459 |
||